Central Library OPAC University of Rajshahi

Books and the mass market / (Record no. 15783)

MARC details
000 -LEADER
fixed length control field 00866nam a2200265 a 4500
001 - CONTROL NUMBER
control field 15783
003 - CONTROL NUMBER IDENTIFIER
rucl marc code BD-RjUL
005 - DATE AND TIME OF LATEST TRANSACTION
control field 20211208235903.0
008 - FIXED-LENGTH DATA ELEMENTS--GENERAL INFORMATION
fixed length control field 140210s1953 ilu 00010 eng d
035 ## - SYSTEM CONTROL NUMBER
System control number (BD-RjUL)15838
040 ## - CATALOGING SOURCE
Original cataloging agency ANL
Language of cataloging eng
Transcribing agency ANL
Modifying agency BD-RjUL
041 ## - LANGUAGE CODE
Language code of text/sound track or separate title eng
082 00 - DEWEY DECIMAL CLASSIFICATION NUMBER
Classification number 655.4
Author mark and year GUB 1953
100 10 - MAIN ENTRY--PERSONAL NAME
Personal name Guinzburg, Harold K.
9 (RLIN) 48947
245 10 - TITLE STATEMENT
Title Books and the mass market /
Statement of responsibility, etc. by Harold K. Guinzburg, Robert W. Frase, and Theodore Waller.
260 0# - PUBLICATION, DISTRIBUTION, ETC. (IMPRINT)
Place of publication, distribution, etc. Urbana, Ill. :
Name of publisher, distributor, etc. University of Illinois Press,
Date of publication, distribution, etc. 1953.
300 ## - PHYSICAL DESCRIPTION
Pagination ix, 66 p. ;
Size 24 cm.
490 1# - SERIES STATEMENT
Series statement Fourth annual Windsor lectures
650 #0 - SUBJECT ADDED ENTRY--TOPICAL TERM
Topical term or geographic name as entry element Booksellers and bookselling.
9 (RLIN) 47063
700 10 - ADDED ENTRY--PERSONAL NAME
Personal name Frase, Robert William,
Dates associated with a name 1912-
Personal name Waller, Theodore.
830 #0 - SERIES ADDED ENTRY--UNIFORM TITLE
Volume number/sequential designation 1952
830 #0 - SERIES ADDED ENTRY--UNIFORM TITLE
Uniform title Phineas L.Windsor lecture in librarianship ;
942 ## - ADDED ENTRY ELEMENTS (KOHA)
Source of classification or shelving scheme Dewey Decimal Classification
Koha item type Books
Holdings
Lost status Source of classification or shelving scheme Damaged status Not for loan Collection code Permanent Location Current Location Shelving location Date acquired Source of acquisition Cost, normal purchase price Total Checkouts Full call number Date last seen Copy number Koha item type
  Dewey Decimal Classification   Not For Loan Non-fiction Central Library, University of Rajshahi Central Library, University of Rajshahi Reading Room 22/04/1965 Zeitlinger 16.00   655.4 GUB 1953 10/02/2014 C-1 Books